Introductory differential equations : from Linearity to chaos

Saved in:
Bibliographic Details
Main Author: Kostelich, Eric John
Other Authors: Armbruster, Dieter
Format: Book
Language:English
Published: Reading, Mass. : Addison-Wesley, c1996
Edition:Prelim. ed.
Subjects:
Tags: Add Tag
No Tags, Be the first to tag this record!

MARC

LEADER 00000nam a2200000 i 4500
001 1/76362
008 990504s1996 eng d
020 |a 0-201-82475-2 
035 |l 10049583 
040 |a GR-MY-UA  |b gre  |e aacr 
041 0 |a eng 
082 0 |a 515.352 
100 1 |a Kostelich, Eric John. 
245 1 0 |a Introductory differential equations :  |b from Linearity to chaos /  |c Eric J. Kostelich, Dieter Armbruster 
250 |a Prelim. ed. 
260 |a Reading, Mass. :   |b Addison-Wesley,   |c c1996 
300 |a viii, 536 p.;  |b ill.;  |c 28 cm. 
500 |a Includes index 
650 0 0 |a Differential equations. 
700 1 |a Armbruster, Dieter. 
852 |a INST  |b SAMOS  |e 19990504  |h 515.352 KOS  |p 005300012652  |q 005300012652  |t BK  |y 0 
901 |a BIBL-1999-2 
909 |a Σ  |b 064516 
922 |a 3ΕΛΗ  |b 199903  |c ΚΠΣ  |d GLORY 
950 |a 116-1998-08-10